Sports Quiz

Random Sports or Canada Quiz

Closest NBA Teams to Canada Quiz Stats

 Plays Quiz Updated Mar 11, 2018

Score 0/16 Timer 05:00
8 Plays Today
Distance (miles) Team % Correct
246 Mi???
82%
1 Mi???
78.2%
0 Mi???
77.2%
184 Mi???
75.8%
247 Mi???
75.2%
225 Mi???
72.6%
29 Mi???
71.6%
233 Mi???
68.8%
Distance (miles) Team % Correct
254 Mi???
67.7%
190 Mi???
63.9%
270 Mi???
63.1%
216 Mi???
59.9%
280 Mi???
49.7%
453 Mi???
22.6%
Mine???
18.6%
555 Mi???
13.6%

You're not logged in!

Compare scores with friends on all Sporcle quizzes.
OR
Log In

You Might Also Like...

Show Comments

Extras

Top Quizzes Today


Score Distribution

Your Account Isn't Verified!

In order to create a playlist on Sporcle, you need to verify the email address you used during registration. Go to your Sporcle Settings to finish the process.

Report this User

Report this user for behavior that violates our Community Guidelines.

Details: